| 000 | 00731nam a22002057a 4500 | ||
|---|---|---|---|
| 999 |
_c18686 _d18686 |
||
| 003 | AR-CdUCM | ||
| 008 | 190515b ||||| |||| 00| 0 spa d | ||
| 040 |
_aMUNICIPALIDAD PROVINCIAL DEL CUSCO _cBIBLIOTECA MUNICIPAL DEL CUSCO |
||
| 082 |
_a658 / _bP59 |
||
| 100 |
_aPinilla, Antonio _96881 |
||
| 245 | _aDinámica de la gestión empresarial / | ||
| 260 |
_aPerú : _bIberoamericana, _c1981. |
||
| 300 |
_a276 páginas ; _c22 cm. |
||
| 505 | _aContenido : Complejidad de la realidad del trabajo -- Cusas de los conflictos laborales -- La satisfacción, base del rendimiento ... | ||
| 650 |
_aTrabajo _94726 |
||
| 650 |
_aRendimiento _939423 |
||
| 650 |
_aDinámica _920090 |
||
| 942 |
_2ddc _cLIBROS |
||
| 945 |
_arah _d2019/05/15 |
||